| 000 | 00656nam a22001817a 4500 | ||
|---|---|---|---|
| 999 |
_c61424 _d61424 |
||
| 005 | 20240312103613.0 | ||
| 008 | 240312s2000 ru ||||| |||| 00| 0 rus d | ||
| 020 | _a5818301486 | ||
| 080 | _a94(38) П-26 | ||
| 100 |
_aПеркис, Джон _921393 |
||
| 245 |
_aГреческая цивилизация / _cДжон Перкис. |
||
| 264 |
_aМосква : _bФАИР-ПРЕСС, _c2000. |
||
| 300 |
_a272 с. : _bил.; _c21 см. |
||
| 440 |
_aГрандиозный мир _920915 |
||
| 521 | _aპარალ. სათ. ინგლ. ენაზე | ||
| 653 | _aბერძნული ცივილიზაცია | ||
| 942 |
_2udc _cBK |
||